Movies by Synonym - Statistics

General Stats
  • This quiz has been taken 156 times
  • The average score is 11 of 20
Answer Stats
Hint Answer % Correct
A Silent Location A Quiet Place
84%
Brawl Society Fight Club
78%
The Glowing The Shining
76%
Protectors of the Universe Guardians of the Galaxy
74%
No Nation for Boys of an Advanced Age No Country for Old Men
74%
A Dozen Infuriated Males 12 Angry Men
70%
Mandibles Jaws
69%
Knife Sprinter Blade Runner
65%
University of Stone School of Rock
64%
Fractured Spine Hill Brokeback Mountain
62%
Maniac Psycho
60%
Perish Tough Die Hard
55%
That It
55%
Amazing Luigi Siblings Super Mario Brothers
53%
Impoverished Items Poor Things
46%
Gigantic Titanic
36%
Duke of the Circlet Lord of the Rings
25%
Nice Folks Goodfellas
19%
Native Walking Stick Citizen Kane
14%
Vertigo Whiplash
2%
No matching quizzes found
Score Distribution
Percent of People with Each Score
Percentile by Number Answered
Your Score History
You have not taken this quiz